书目信息 |
| 题名: |
Excel电子表格应用
|
|
| 作者: | 朱磊 , 洪建新 编著 | |
| 分册: | ||
| 出版信息: | 北京 清华大学出版社 2006.10 |
|
| 页数: | 12, 252页 | |
| 开本: | 26cm | |
| 丛书名: | 一学就会魔法书 | |
| 单 册: | ||
| 中图分类: | TP391.13 | |
| 科图分类: | ||
| 主题词: | 表处理软件--biao chu li ruan jian--基本知识 | |
| 电子资源: | ||
| ISBN: | 7-302-13809-5 | |
| 000 | 01147nam 2200277 450 | |
| 001 | 012007094786 | |
| 005 | 20070619155848.76 | |
| 010 | @a7-302-13809-5@dCNY29.00 (含光盘) | |
| 100 | @a20070506d2006 km y0chiy0120 ea | |
| 101 | 0 | @achi |
| 102 | @aCN@b110000 | |
| 105 | @aa z 000yy | |
| 200 | 1 | @aExcel电子表格应用@AExcel dian zi biao ge ying yong@f朱磊, 洪建新等编著@Fzhu lei,hong jian xin deng bian zhu |
| 210 | @a北京@c清华大学出版社@d2006.10 | |
| 215 | @a12, 252页@c图@d26cm@e光盘1片 | |
| 225 | 2 | @a一学就会魔法书@Ayi xue jiu hui mo fa shu |
| 307 | @a光盘 ISBN : 7-89486-141-3 | |
| 330 | @a本书主要介绍Excel 2003的基本知识和基本操作技能。主要内容包括Excel 2003新体验、Excel 2003基础操作、数据的输入与编辑、设置个性化的表格、电子表格的计算、数据的排序与统计、图表的应用、透视表和透视图应用、电子表格的打印输出、电子表格的协同工作和网络应用以及综合案例等知识。 | |
| 410 | 0 | @12001 @a一学就会魔法书 |
| 606 | 0 | @a表处理软件@Abiao chu li ruan jian@x基本知识 |
| 610 | 0 | @aExcel |
| 690 | @aTP391.13@v4 | |
| 701 | 0 | @a朱磊@Azhu lei@4编著 |
| 701 | 0 | @a洪建新@Ahong jian xin@4编著 |
| 801 | 0 | @aCN@c20070619 |
| 905 | @dTP391.13@eZ853 | |
| Excel电子表格应用/朱磊, 洪建新等编著.-北京:清华大学出版社,2006.10 |
| 12, 252页:图;26cm+光盘1片.-(一学就会魔法书) |
| ISBN 7-302-13809-5:CNY29.00 (含光盘) |
| 本书主要介绍Excel 2003的基本知识和基本操作技能。主要内容包括Excel 2003新体验、Excel 2003基础操作、数据的输入与编辑、设置个性化的表格、电子表格的计算、数据的排序与统计、图表的应用、透视表和透视图应用、电子表格的打印输出、电子表格的协同工作和网络应用以及综合案例等知识。 |
| ● |
| 相关链接 |
|
|
|
正题名:Excel电子表格应用
索取号:TP391.13/Z853
 
预约/预借
| 序号 | 登录号 | 条形码 | 馆藏地/架位号 | 状态 | 备注 |
| 1 | 242838 | 202428382 | 自科库301/ [索取号:TP391.13/Z853] | 在馆 | |
| 2 | 242839 | 202428391 | 自科库301/301自科库 65排3列2层/ [索取号:TP391.13/Z853] | 在馆 | |
| 3 | 242840 | 202428408 | 自科库301/301自科库 65排3列2层/ [索取号:TP391.13/Z853] | 在馆 |